CS:GO Player Aliases #4 - Statistics

General Stats
  • This quiz has been taken 759 times
  • The average score is 11 of 20
Answer Stats
Name Alias % Correct
Lukas Rossander gla1ve
80%
Braxton Pierce swag
80%
Nick Canella Nitr0
76%
Adil Benriltom Scream
74%
Keith Markovic NAF
73%
Yegor Markelov markeloff
70%
Miikka Kemppi SuNny
69%
Richard Landström Xizt
64%
Abay Khassenov Hobbit
60%
Fabien Fiey kioShiMa
57%
Vito Giuseppe kNgV
56%
Denis Kostin seized
55%
Vincent Shoppenhauer Happy
54%
Jonas Oloffson Lekr0
46%
Aaron Ward AZR
44%
Ricardo Prass boltz
43%
Ollie Tierney DickStacy
42%
Timo Richter Spiidi
37%
Vincent Cayonte Brehze
35%
Lucas Lopes steel
33%
No matching quizzes found
Score Distribution
Percent of People with Each Score
Percentile by Number Answered
Your Score History
You have not taken this quiz